000 01158nam a2200313 a 4500
001 000113209
003 CHAP
005 20220329144343.0
008 170517s2016 mx sm |||||||spa d
010 _a109670
011 _a110642
040 _cCHAP
090 _aTesis
100 1 _aMendoza Cortina, Adela
_9132225
245 1 0 _aCaracterización de unidades ambientales del Municipio de Ocampo Tamaulipas, Méx.
_h[En línea]
_cpor Adela Mendoza Cortina.
260 _aDurango, Méx. :
_bEl autor,
_c2016.
500 _aPara ver el contenido del material haga clic en la liga
502 _aTesis (Ing. en Sistemas Pecuarios) -- UACH. Unidad Regional Universitaria de Zonas Áridas
590 _aE5765TAJ
_b05
_c20170517
_lUCH01
_h0830
590 _aE5765TAJ
_b05
_c20170517
_lUCH01
_h0831
650 1 4 _aLevantamiento topográfico.
_966426
650 1 4 _aPastizales
_xTamaulipas.
_985961
650 1 4 _aPlaneación regional
_xTamaulipas.
_988722
650 1 4 _aProcesamiento automático de datos en cartografía.
_991762
856 _aFinding aid
_uhttp://10.13.5.2/tesis/sist113209.pdf
_zTeclea aquí
901 _aBK
942 _cTESIS
942 _n0
999 _c109670
_d109670